| 000 | nam a22 7a 4500 | ||
|---|---|---|---|
| 999 |
_c233097 _d233097 |
||
| 003 | Nust | ||
| 005 | 20170302101321.0 | ||
| 008 | 170302b xxu||||| |||| 00| 0 eng d | ||
| 020 | _a9789699111006 | ||
| 040 | _cDLC | ||
| 082 | _a550.95491 ASH | ||
| 245 |
_aContribution to Geology of Pakistan Proceedings of 5th Pakistan Geological Congress 2004 _cProf. Dr. Mohammad Ashraf |
||
| 260 |
_aPakistan _bNational Geological Society, |
||
| 300 |
_avii, 324p. : _c25 cm |
||
| 650 | _2Prof. Dr. Mohammad Ashraf | ||
| 942 |
_2ddc _cBK |
||